| 000 | 00747nam a22002297a 4500 | ||
|---|---|---|---|
| 003 | UA-OsUOA | ||
| 001 | 109733 | ||
| 007 | ta | ||
| 008 | 20150128b un ||||| |||| 00| 0 ukr d | ||
| 090 |
_a(038)=161.2 _bС91 |
||
| 942 | _cBK | ||
| 040 |
_aUA-OsUOA _bukr _cUA-OsUOA _dUA-OsUOA |
||
| 245 |
_aСучасний англо-український та україно-англійський словник _b40000 слів та граматика _cукл. М. Г. Зубков |
||
| 300 | _a480 с. | ||
| 955 | _a2 | ||
| 041 | _aukr | ||
| 080 | _a(038)=161.2 | ||
| 020 | _a978-966-14-0004-6 | ||
| 260 |
_aХарків _bКлуб сімейного дозвілля _c2010 |
||
| 650 | 7 |
_a0 Загальний відділ. _2UDC |
|
| 999 |
_c395939 _d395939 |
||